Harnessing strategic behaviour : why personality and politics drive company strategy / (Record no. 6458)

MARC details
000 -LEADER
fixed length control field 00708nac a22002051u 4500
010 ## - LIBRARY OF CONGRESS CONTROL NUMBER
LC control number 008729183
020 ## - INTERNATIONAL STANDARD BOOK NUMBER
International Standard Book Number 0273630946
082 ## - DEWEY DECIMAL CLASSIFICATION NUMBER
Classification number 658.4012
Item number GRU
090 ## - LOCALLY ASSIGNED LC-TYPE CALL NUMBER (OCLC); LOCAL CALL NUMBER (OCLC)
-- 6458
-- 6458
100 ## - MAIN ENTRY--PERSONAL NAME
Personal name Grundy, Tony.
245 ## - TITLE STATEMENT
Title Harnessing strategic behaviour : why personality and politics drive company strategy /
Statement of responsibility, etc Tony Grundy.
260 ## - PUBLICATION, DISTRIBUTION, ETC. (IMPRINT)
Place of publication, distribution, etc London :
Name of publisher, distributor, etc Financial Times, c.1998.
Date of publication, distribution, etc c.1998.
300 ## - PHYSICAL DESCRIPTION
Extent xvi,271p. :
Other physical details ill. ;
Dimensions 24cm.
500 ## - GENERAL NOTE
General note Distributer: Al-Ahram.
504 ## - BIBLIOGRAPHY, ETC. NOTE
Bibliography, etc Bibliography: p263-267. _ Includes index.
511 ## - PARTICIPANT OR PERFORMER NOTE
Participant or performer note Catalogued By: Mahitab.
650 ## - SUBJECT ADDED ENTRY--TOPICAL TERM
Topical term or geographic name as entry element Strategic planning.
650 ## - SUBJECT ADDED ENTRY--TOPICAL TERM
Topical term or geographic name as entry element Organizational behavior.
942 ## - ADDED ENTRY ELEMENTS (KOHA)
Item type Book - Borrowing
Call number prefix 658.4012GRU
Holdings
Withdrawn status Item status Damaged status Not for loan Home library Current library Shelving location Date acquired Source of acquisition Total Checkouts Full call number Barcode Date last seen Koha item type
        Central Library Central Library First floor 25/11/2007 Purchase   658.4012GRU 000007861 15/07/2025 Book - Borrowing